| 000 | 00728cam a22002295a 4500 | ||
|---|---|---|---|
| 001 | E153721 | ||
| 008 | 110822s1948 xxk f 000 0 eng d | ||
| 035 | _a(Sirsi) u153721 | ||
| 041 | 0 | _aeng | |
| 050 | 0 | 4 | _a720.688 $2 18 |
| 100 | 1 | _aTurner, Hamilton H. | |
| 245 | 0 | 0 | _aArchitectural practice and procedure |
| 250 | _a4th ed. | ||
| 260 |
_aLondon _bB. T. Batsford _c1948 |
||
| 300 |
_axiii, 414 p. _c22 cm. |
||
| 520 | _aOffers guidance to architects on the practical side of running a business, as well as information on liaising with other professionals, such as surveyors. | ||
| 651 | 4 |
_aUnited Kingdom _y |
|
| 690 | _aBUILT ENVIRONMENT | ||
| 700 | 1 | _aWebb, Maurice E. | |
| 700 | 1 | _aTurner, John H. | |
| 942 | _n0 | ||
| 999 |
_c112669 _d112669 |
||